000 00930nam a22002297a 4500
003 UA-OsUOA
001 61707
007 ta
008 20090714b un ||||| |||| 00| 0 ukr d
090 _a2(477)(047)
_bУ45
942 _cBK
040 _aUA-OsUOA
_bukr
_cUA-OsUOA
_dUA-OsUOA
245 _aУкраїнське релігієзнавство
_bБюлетень Української Асоціації релігієзнавців і Відділення релігієзнавства Інституту філософії імені Г. С. Сковороди НАН України. № 37
_cКолодний А., Павленко П.
300 _a183 с.
955 _a2
041 _aukr
080 _a2(477)(047)
260 _aК.
_c2006
246 3 1 _aІслам і євроінтеграція: проблеми і перспективи
_n
650 7 _a2 Релігія. Теологія.
_2UDC
999 _c347507
_d347507